| 000 | 00560cam a2200193 4500 | ||
|---|---|---|---|
| 001 | D5965 | ||
| 008 | 090401t1954 xxu||||| |||| 00| 0 eng d | ||
| 035 | _a(Sirsi) u78438 | ||
| 041 | _aeng | ||
| 050 | _a621.3008 | ||
| 110 |
_aInstitution of Electrical Engineers _92542 |
||
| 245 | _aModel form of general conditions for the sale of cables (home-without erection) ... issued April 1924 | ||
| 260 |
_aLondon _bInstitution of Electrical Engineers _c1954 |
||
| 300 | _a4p. 33cm | ||
| 350 | _a0 | ||
| 520 | _aCover title | ||
| 942 | _n0 | ||
| 948 | _c04/03/1997 | ||
| 999 |
_c96453 _d96453 |
||